| 000 | 00924cam2a220026500 4500 | ||
|---|---|---|---|
| 001 | qce00874006 | ||
| 005 | 20190813172820.0 | ||
| 008 | 740909s1973 sz a b i000 0 eng | ||
| 010 | _a 74175267 //r84 | ||
| 035 | _a(Sirsi) r67045 | ||
| 035 | _a(QCAT)lss00674214 | ||
| 035 | _a(UPRA)qce00874006 | ||
| 040 | _dUPRA | ||
| 050 | 0 |
_aRB155 _b.M47 |
|
| 082 | _a611/.0181 | ||
| 245 | 0 | 0 |
_aMethods for the analysis of human chromosome aberrations / _cedited by K.E. Buckton [and] H.J. Evans. |
| 260 |
_aGeneva : _bWorld Health Organization, _c1973. |
||
| 504 | _aBibliography: p. 26. | ||
| 650 | 0 |
_aHuman chromosome abnormalities. _6S13199.1 |
|
| 650 | 0 |
_aKaryotypes. _6S13200.1 |
|
| 700 | 1 |
_aBuckton, K. E. _6A27662.1 |
|
| 700 | 1 |
_aEvans, H. J. (Henry John), 1930- _qEvans, H. J. (Henry John), 1930- _dEvans, H. J. (Henry John), 1930- _6A27663.1 |
|
| 949 |
_aRB155 _wLC _i-89728 _mMEDICAL _tBOOK _lON-SHELF |
||
| 004 | 67045 | ||
| 999 |
_c42680 _d42680 |
||